Aktuálne problémy daňového inkasa v praxi
Makroekonomická reštrikcia a vládna aktualizácia daňovej politiky v SR. Opatrenia na zdokonalenie súčasnej daňovej sústavy v smere účinnosti, efektívnosti a elasticity a harmonizácie s Európskou úniou. Problémové okruhy daňovej techniky vyžadujúce legislatívne riešenie a revíziu. Aktuálne problémy d...
Salvato in:
| Autore principale: | |
|---|---|
| Natura: | Capitolo di libro |
| Lingua: | slovacco |
| Soggetti: | |
| Tags: |
Nessun Tag, puoi essere il primo ad aggiungerne!!
|
MARC
| LEADER | 00000naa a2200000 4500 | ||
|---|---|---|---|
| 001 | r021777 | ||
| 005 | 20230809082153.4 | ||
| 041 | 0 | |a slo | |
| 044 | |a SK | ||
| 245 | 1 | 0 | |a Aktuálne problémy daňového inkasa v praxi |c Emil Burák |
| 520 | |a Makroekonomická reštrikcia a vládna aktualizácia daňovej politiky v SR. Opatrenia na zdokonalenie súčasnej daňovej sústavy v smere účinnosti, efektívnosti a elasticity a harmonizácie s Európskou úniou. Problémové okruhy daňovej techniky vyžadujúce legislatívne riešenie a revíziu. Aktuálne problémy daňovej praxe. Náčrt riešenia dlhodobej stabilizácie inkasa daní. | ||
| 610 | 2 | 0 | |a politika daňová |
| 610 | 2 | 0 | |a Slovensko |
| 610 | 2 | 0 | |a legislatíva |
| 610 | 2 | 0 | |a dane |
| 610 | 2 | 0 | |a inkaso |
| 610 | 2 | 0 | |a príjmy |
| 610 | 2 | 0 | |a únik daňový |
| 610 | 2 | 0 | |a opatrenia |
| 610 | 2 | 0 | |a sústava daňová |
| 610 | 2 | 0 | |a disciplína finančná |
| 100 | 1 | |a Burák, Emil | |